[Event "1. OEsterreichische Internet Schach Meisterschaft - Vorrunde 2"]
[Site "Online - Playchess.com"]
[Date ""]
[Round "3"]
[Board "47"]
[White "Froewis, Annika"]
[Black "Gschiel, Alexander"]
[Result "1-0"]
[WhiteElo "2136"]
[BlackElo "1908"]
[PlyCount "65"]
[EventDate "2020.04.13"]
[EventRounds "9"]
[EventCountry "AUT"]

1. e4 c5 2. Nf3 d6 3. d4 cxd4 4. Nxd4 Nf6 5. Nc3 a6 6. h4 e5 7. Nb3 Be6 8. f4 Be7
9. f5 Bxb3 10. axb3 Nbd7 11. g4 Nc5 12. Bg2 h6 13. Be3 Qc7 14. g5 hxg5 15. hxg5 Rxh1+
16. Bxh1 Nh7 17. Qh5 Nf8 18. Nd5 Qd8 19. b4 Ncd7 20. Bf3 Rc8 21. c3 Rc6 22. Bd1 Nb8
23. Ba4 b5 24. Bb3 g6 25. Qh6 gxf5 26. exf5 Nfd7 27. f6 Bf8 28. Qh8 Nb6 29. Nxb6
Rxb6 30. g6 fxg6 31. f7+ Kd7 32. Qh3+ Ke7 33. Bg5#  1-0

[Event "1. OEsterreichische Internet Schach Meisterschaft - Vorrunde 2"]
[Site "Online - Playchess.com"]
[Date ""]
[Round "3"]
[Board "48"]
[White "Hoelzl, Bernhard"]
[Black "Schloffer, Jasmin-Denise"]
[Result "1/2-1/2"]
[WhiteElo "1392"]
[BlackElo "2110"]
[PlyCount "95"]
[EventDate "2020.04.13"]
[EventRounds "9"]
[EventCountry "AUT"]

1. d4 Nf6 2. Nf3 e6 3. Bf4 d5 4. e3 c5 5. c3 Nc6 6. Nbd2 cxd4 7. exd4 Nh5 8. Bg3
g6 9. Bd3 Bg7 10. O-O O-O 11. Qe2 Nxg3 12. hxg3 Re8 13. Rae1 a6 14. Ne5 Nxe5 15.
dxe5 b5 16. f4 Bb7 17. Nf3 Qb6+ 18. Kh2 Rac8 19. Ng5 h6 20. Nf3 h5 21. Qe3 Qc7 22.
Kg1 Red8 23. a3 Qe7 24. Be2 Qc7 25. Nd4 Bf8 26. g4 hxg4 27. Bxg4 Bc5 28. Rd1 Qe7
29. Kf2 Qh4+ 30. Qg3 Qxg3+ 31. Kxg3 Kg7 32. Rh1 Rh8 33. Be2 Bxd4 34. Rxh8 Bf2+ 35.
Kxf2 Rxh8 36. Rd4 Bc6 37. g3 Rh2+ 38. Kf3 Rh1 39. Rd1 Rh8 40. Rd2 a5 41. Bd1 Rb8
42. Ke3 Kf8 43. Kd4 Ke7 44. Kc5 Be8 45. Be2 Kd8 46. b4 a4 47. Kd4 Rc8 48. Rd1  1/2-1/2

[Event "1. OEsterreichische Internet Schach Meisterschaft - Vorrunde 2"]
[Site "Online - Playchess.com"]
[Date ""]
[Round "3"]
[Board "49"]
[White "Maderner, Arnulf"]
[Black "Hofer, Maximilian"]
[Result "1-0"]
[WhiteElo "1687"]
[BlackElo "2108"]
[PlyCount "83"]
[EventDate "2020.04.13"]
[EventRounds "9"]
[EventCountry "AUT"]

1. e4 e5 2. Nf3 Nc6 3. Bc4 Nf6 4. Ng5 d5 5. exd5 b5 6. Bxb5 Qxd5 7. Bxc6+ Qxc6 8.
O-O Bb7 9. Qf3 Qb6 10. Qb3 Qxb3 11. axb3 Bd6 12. d3 h6 13. Nf3 O-O 14. Nc3 a6 15.
Be3 e4 16. dxe4 Nxe4 17. Ra4 f5 18. Rfa1 g5 19. Nd4 Nc5 20. Ra5 f4 21. Bd2 g4 22.
f3 gxf3 23. Nxf3 Ra7 24. b4 Ne4 25. Nxe4 Bxe4 26. c3 Bd3 27. Ne1 Bb5 28. b3 c5 29.
c4 Bc6 30. Rxa6 Rxa6 31. Rxa6 Rc8 32. bxc5 Be5 33. Nf3 Bg7 34. Kf2 Bb7 35. Ra7 Bc6
36. b4 Be4 37. Bxf4 Rd8 38. Bd6 Bd3 39. b5 Bxc4 40. b6 Bd5 41. b7 Bxb7 42. Rxb7  1-0

[Event "1. OEsterreichische Internet Schach Meisterschaft - Vorrunde 2"]
[Site "Online - Playchess.com"]
[Date ""]
[Round "3"]
[Board "50"]
[White "Wischounig, Laurin"]
[Black "Balint, Peter"]
[Result "1-0"]
[WhiteElo "1878"]
[BlackElo "2105"]
[PlyCount "187"]
[EventDate "2020.04.13"]
[EventRounds "9"]
[EventCountry "AUT"]

1. d4 Nf6 2. Nf3 g6 3. c4 d5 4. Nc3 Bg7 5. e3 O-O 6. Qb3 e6 7. Ne5 c5 8. dxc5 Na6
9. c6 Qc7 10. cxb7 Bxb7 11. Nf3 Nc5 12. Qc2 Nce4 13. Nxe4 Nxe4 14. Bd3 Rac8 15. O-O
f5 16. Bxe4 dxe4 17. Nd2 Be5 18. g3 Ba6 19. Rb1 Bxc4 20. Nxc4 Qxc4 21. Qxc4 Rxc4
22. Bd2 Rd8 23. Rfd1 Rc2 24. Bc3 Rxd1+ 25. Rxd1 Bxc3 26. bxc3 Rxa2 27. Rd8+ Kg7 28.
Rc8 Kh6 29. Kg2 a5 30. Rc6 e5 31. Rc5 a4 32. Rxe5 Rc2 33. Ra5 Rxc3 34. Rxa4 Rc6 35.
Ra7 Rb6 36. h4 Rb1 37. Rc7 Rb2 38. Re7 Rc2 39. g4 fxg4 40. Rxe4 Kh5 41. Kg3 Rc5 42.
Rxg4 Rf5 43. Rf4 Rb5 44. Rd4 Rb1 45. f3 Rg1+ 46. Kf2 Ra1 47. Rf4 Ra2+ 48. Kg3 h6
49. e4 g5 50. hxg5 hxg5 51. Rf8 Ra1 52. Rh8+ Kg6 53. Rh2 Ra7 54. Rb2 Re7 55. Kg4
Re6 56. Rb5 Kf6 57. Rxg5 Ke7 58. Kf4 Rf6+ 59. Rf5 Rh6 60. Rg5 Rh4+ 61. Kf5 Rh3 62.
f4 Ra3 63. Rg7+ Kf8 64. Rd7 Ra5+ 65. Rd5 Ra6 66. e5 Kf7 67. Rd7+ Ke8 68. Rg7 Kf8
69. Rg6 Ra1 70. Rd6 Ke7 71. Rb6 Rh1 72. Rb7+ Kd8 73. e6 Rh5+ 74. Kg6 Rc5 75. f5 Rc1
76. Kf6 Rg1 77. e7+ Kc8 78. e8=Q+ Kxb7 79. Qb5+ Ka8 80. Qa6+ Kb8 81. Qb6+ Kc8 82.
Qxg1 Kd7 83. Qd4+ Ke8 84. Qe5+ Kd7 85. Qe6+ Kc7 86. Ke7 Kb7 87. Qc4 Kb6 88. f6 Kb7
89. Qc5 Ka6 90. Qb4 Ka7 91. f7 Ka6 92. f8=Q Ka7 93. Qfb8+ Ka6 94. Q8b6#  1-0

[Event "1. OEsterreichische Internet Schach Meisterschaft - Vorrunde 2"]
[Site "Online - Playchess.com"]
[Date ""]
[Round "3"]
[Board "51"]
[White "Mittelbach, Eduard"]
[Black "Kapferer, Romed"]
[Result "0-1"]
[WhiteElo "1667"]
[BlackElo "2081"]
[PlyCount "48"]
[EventDate "2020.04.13"]
[EventRounds "9"]
[EventCountry "AUT"]

1. e4 c6 2. d4 d5 3. Nc3 dxe4 4. Nxe4 Nf6 5. Nxf6+ gxf6 6. Bf4 Bf5 7. Bd3 Bg6 8.
Ne2 e6 9. O-O Bd6 10. Bxd6 Qxd6 11. c3 Nd7 12. Ng3 O-O-O 13. Ne4 Qc7 14. Qe2 h5 15.
b4 Kb8 16. a4 Nb6 17. Nxf6 Qe7 18. Ne4 Nd5 19. Qd2 Qc7 20. b5 cxb5 21. axb5 Bxe4
22. Bxe4 Qxc3 23. Qa2 Qxd4 24. Qxa7+ Qxa7  0-1

[Event "1. OEsterreichische Internet Schach Meisterschaft - Vorrunde 2"]
[Site "Online - Playchess.com"]
[Date ""]
[Round "3"]
[Board "52"]
[White "Ehs, Dominik"]
[Black "Katter, Katharina"]
[Result "1-0"]
[WhiteElo "2070"]
[BlackElo "1930"]
[PlyCount "57"]
[EventDate "2020.04.13"]
[EventRounds "9"]
[EventCountry "AUT"]

1. e4 e5 2. Nf3 Nc6 3. Bc4 Bc5 4. O-O Nf6 5. d4 Bxd4 6. Nxd4 Nxd4 7. f4 d6 8. fxe5
dxe5 9. Bg5 h6 10. Bxf6 gxf6 11. c3 Nc6 12. Qxd8+ Nxd8 13. Rxf6 Ke7 14. Rf2 Be6 15.
Na3 c6 16. Raf1 Rf8 17. Bxe6 Nxe6 18. g3 f6 19. Nc4 Rad8 20. Ne3 Ng7 21. Kg2 Rd3
22. Ng4 h5 23. Nxf6 Rfd8 24. Nh7 Rd2 25. Ng5 h4 26. Nf3 hxg3 27. Rxd2 Nh5 28. Rxd8
Kxd8 29. hxg3  1-0

[Event "1. OEsterreichische Internet Schach Meisterschaft - Vorrunde 2"]
[Site "Online - Playchess.com"]
[Date ""]
[Round "3"]
[Board "53"]
[White "Moerwald, Magdalena"]
[Black "Milanollo, Mario"]
[Result "1-0"]
[WhiteElo "1791"]
[BlackElo "2053"]
[PlyCount "57"]
[EventDate "2020.04.13"]
[EventRounds "9"]
[EventCountry "AUT"]

1. e4 c5 2. Nf3 d6 3. d4 cxd4 4. Qxd4 a6 5. Nc3 Nc6 6. Qd1 g6 7. Bc4 Bg7 8. Bf4 Nf6
9. O-O Kf8 10. Ng5 d5 11. exd5 Na5 12. Qe2 h6 13. Nf3 Bg4 14. Bb3 Rc8 15. d6 exd6
16. Rad1 Nxb3 17. Bxd6+ Kg8 18. cxb3 Qb6 19. h3 Bf5 20. Nh4 Be6 21. Nxg6 fxg6 22.
Qxe6+ Kh7 23. Qe3 Qc6 24. Bg3 Rhe8 25. Qf3 Qb6 26. Nd5 Nxd5 27. Rxd5 Rc2 28. Qd3
Rc5 29. Rd6  1-0

[Event "1. OEsterreichische Internet Schach Meisterschaft - Vorrunde 2"]
[Site "Online - Playchess.com"]
[Date ""]
[Round "3"]
[Board "54"]
[White "Wiedermann, Daniel"]
[Black "Miazhynski, Alexander"]
[Result "1-0"]
[WhiteElo "2048"]
[BlackElo "1535"]
[PlyCount "59"]
[EventDate "2020.04.13"]
[EventRounds "9"]
[EventCountry "AUT"]

1. d4 Nf6 2. c4 c5 3. d5 e6 4. Nc3 exd5 5. cxd5 d6 6. e4 g6 7. f4 Bg7 8. Bb5+ Nfd7
9. Be2 O-O 10. Nf3 Re8 11. O-O Na6 12. Bd2 Nc7 13. Qc2 a6 14. a4 Rb8 15. a5 b5 16.
axb6 Rxb6 17. Be1 Nb5 18. Bxb5 axb5 19. Bh4 Qc7 20. Rae1 c4 21. Bf2 Nc5 22. e5 Bf5
23. Qd1 dxe5 24. fxe5 Bg4 25. d6 Qc8 26. Kh1 Bxf3 27. Qxf3 Rxe5 28. Bxc5 Rxc5 29.
Qxf7+ Kh8 30. Re8+  1-0

[Event "1. OEsterreichische Internet Schach Meisterschaft - Vorrunde 2"]
[Site "Online - Playchess.com"]
[Date ""]
[Round "3"]
[Board "55"]
[White "Birklbauer, Toni"]
[Black "Andreatta, Ralph"]
[Result "1-0"]
[WhiteElo "2047"]
[BlackElo "1623"]
[PlyCount "27"]
[EventDate "2020.04.13"]
[EventRounds "9"]
[EventCountry "AUT"]

1. d4 d5 2. Nf3 e6 3. Bf4 Nf6 4. e3 b6 5. c3 Bb7 6. Nbd2 Nbd7 7. Bd3 c5 8. Qa4 cxd4
9. exd4 Be7 10. Bg5 O-O 11. Ne5 Nxe5 12. dxe5 Nd7 13. Qh4 Bxg5 14. Qxh7#  1-0

[Event "1. OEsterreichische Internet Schach Meisterschaft - Vorrunde 2"]
[Site "Online - Playchess.com"]
[Date ""]
[Round "3"]
[Board "56"]
[White "Riemelmoser, Stefan"]
[Black "Kainz, Josef"]
[Result "1-0"]
[WhiteElo "2046"]
[BlackElo "2005"]
[PlyCount "67"]
[EventDate "2020.04.13"]
[EventRounds "9"]
[EventCountry "AUT"]

1. e4 c5 2. Nf3 Nc6 3. d4 cxd4 4. Nxd4 Nf6 5. Nc3 e5 6. Ndb5 d6 7. Bg5 a6 8. Na3
b5 9. Nd5 Be7 10. Bxf6 Bxf6 11. c3 Bg5 12. Nc2 Rb8 13. Ncb4 Bb7 14. a4 Nxb4 15. cxb4
O-O 16. axb5 Bxd5 17. Qxd5 axb5 18. Bxb5 Qb6 19. Ra5 Kh8 20. O-O f5 21. exf5 Rxf5
22. Bd3 Rf6 23. Rb5 Qd8 24. Rxb8 Qxb8 25. b5 g6 26. g3 Qb6 27. Qc6 Qd4 28. Qc3 Qb6
29. Be4 Qxb5 30. b4 Kg7 31. h4 Bh6 32. Ra1 Qb6 33. Ra2 Rf7 34. Qd3  1-0

[Event "1. OEsterreichische Internet Schach Meisterschaft - Vorrunde 2"]
[Site "Online - Playchess.com"]
[Date ""]
[Round "3"]
[Board "57"]
[White "Janes, Christian"]
[Black "Kondrak, Christoph"]
[Result "0-1"]
[WhiteElo "1740"]
[BlackElo "2033"]
[PlyCount "112"]
[EventDate "2020.04.13"]
[EventRounds "9"]
[EventCountry "AUT"]

1. e4 c5 2. Nf3 e6 3. c3 Nf6 4. e5 Nd5 5. d4 cxd4 6. cxd4 d6 7. Nc3 Nxc3 8. bxc3
dxe5 9. Nxe5 Bd6 10. Bb5+ Nd7 11. Nxd7 Bxd7 12. Bxd7+ Qxd7 13. O-O O-O 14. Be3 Qc7
15. h3 Qxc3 16. Qf3 Rab8 17. a4 Qa5 18. Rfb1 b6 19. Rb5 Qc3 20. Rab1 h6 21. d5 e5
22. a5 bxa5 23. Rxb8 Bxb8 24. Rc1 Qd3 25. Rd1 Qg6 26. Bc5 Rd8 27. Qa3 e4 28. Qxa5
Qf6 29. Be3 Qd6 30. g3 g5 31. Bc5 Qc7 32. Qxc7 Bxc7 33. Bxa7 Bd6 34. Be3 Kg7 35.
g4 Kf6 36. Bd4+ Be5 37. Bb6 Rd7 38. Bc5 Kg6 39. d6 Kf6 40. Re1 Ke6 41. Rxe4 Kd5 42.
Rxe5+ Kxe5 43. Bb4 f5 44. Kg2 Kf4 45. gxf5 Kxf5 46. f3 h5 47. Kg3 Rb7 48. Bc3 Ke6
49. f4 Rb3 50. fxg5 Rxc3+ 51. Kh4 Kf5 52. d7 Rd3 53. d8=Q Rxd8 54. Kg3 Kxg5 55. h4+
Kf5 56. Kh3 Rd3+  0-1

[Event "1. OEsterreichische Internet Schach Meisterschaft - Vorrunde 2"]
[Site "Online - Playchess.com"]
[Date ""]
[Round "3"]
[Board "58"]
[White "Lammer, Michael"]
[Black "Kozissnik, Christian"]
[Result "0-1"]
[WhiteElo "1499"]
[BlackElo "2023"]
[PlyCount "64"]
[EventDate "2020.04.13"]
[EventRounds "9"]
[EventCountry "AUT"]

1. e4 e6 2. Nf3 c5 3. d4 cxd4 4. Nxd4 Nf6 5. Nc3 Bb4 6. Bd3 O-O 7. Bd2 Nc6 8. Nxc6
bxc6 9. O-O d5 10. e5 Nd7 11. f4 a5 12. Rf3 g6 13. Rh3 Nc5 14. Qg4 Nxd3 15. cxd3
Qb6+ 16. Kh1 Qd4 17. Qg5 f6 18. exf6 Qxf6 19. Qh6 Rf7 20. a3 Bd6 21. Ne2 Ba6 22.
Bc3 e5 23. fxe5 Bxe5 24. Bxe5 Qxe5 25. Nc3 Raf8 26. Rf3 Rxf3 27. gxf3 Bxd3 28. Qh3
Qe3 29. Rg1 Qxf3+ 30. Rg2 Qxh3 31. Rxg6+ hxg6 32. Nxd5 Rf1#  0-1

[Event "1. OEsterreichische Internet Schach Meisterschaft - Vorrunde 2"]
[Site "Online - Playchess.com"]
[Date ""]
[Round "3"]
[Board "59"]
[White "Knoll, Martin"]
[Black "Wimmer, Michael"]
[Result "1-0"]
[WhiteElo "2018"]
[BlackElo "1559"]
[PlyCount "41"]
[EventDate "2020.04.13"]
[EventRounds "9"]
[EventCountry "AUT"]

1. d4 d5 2. Nc3 e6 3. e4 dxe4 4. f3 exf3 5. Nxf3 Nf6 6. Bc4 Be7 7. O-O O-O 8. Bg5
b6 9. Qd2 Bb7 10. Kh1 h6 11. Bxh6 gxh6 12. Qxh6 Nh7 13. Bd3 f5 14. Qxe6+ Rf7 15.
Bxf5 Ng5 16. Nxg5 Bxg5 17. Bg6 Qe7 18. Bxf7+ Kf8 19. Qg6 Qd8 20. Rae1 Be7 21. Qg8#
 1-0

[Event "1. OEsterreichische Internet Schach Meisterschaft - Vorrunde 2"]
[Site "Online - Playchess.com"]
[Date ""]
[Round "3"]
[Board "60"]
[White "Sulzbacher, Michael"]
[Black "Werdecker, Roland"]
[Result "0-1"]
[WhiteElo "2018"]
[BlackElo "1960"]
[PlyCount "82"]
[EventDate "2020.04.13"]
[EventRounds "9"]
[EventCountry "AUT"]

1. b3 Nf6 2. Bb2 d5 3. f4 Bf5 4. Nf3 e6 5. e3 Be7 6. Ne5 O-O 7. a4 Nbd7 8. Be2 Nxe5
9. Bxe5 Nd7 10. Bb2 Bh4+ 11. g3 Bf6 12. d4 c5 13. c3 Rc8 14. O-O Qc7 15. Ba3 Rfd8
16. Nd2 cxd4 17. cxd4 Bc2 18. Qe1 Qc3 19. Nf3 Qxe3+ 20. Qf2 Qxb3 21. Bb5 a6 22. Bxd7
Rxd7 23. Ne5 Rdc7 24. Bd6 Rc3 25. Ra3 Qb2 26. Rxc3 Qxc3 27. Bc5 Bxa4 28. g4 Bd8 29.
Nf3 Bb5 30. Re1 Ba5 31. Re3 Qc1+ 32. Kg2 b6 33. Bd6 Rc2 34. f5 Qf1+ 35. Kg3 Qxf2+
36. Kf4 Bd2 37. fxe6 Qxe3+ 38. Kg3 fxe6 39. g5 Be2 40. g6 Qxf3+ 41. Kh4 Qg4#  0-1

[Event "1. OEsterreichische Internet Schach Meisterschaft - Vorrunde 2"]
[Site "Online - Playchess.com"]
[Date ""]
[Round "3"]
[Board "61"]
[White "Kubik, Gerhard"]
[Black "Koglbauer, Uwe"]
[Result "1-0"]
[WhiteElo "1985"]
[BlackElo "1666"]
[PlyCount "49"]
[EventDate "2020.04.13"]
[EventRounds "9"]
[EventCountry "AUT"]

1. d4 Nf6 2. Nc3 g6 3. e4 d5 4. e5 Ne4 5. Nxe4 dxe4 6. f3 exf3 7. Nxf3 Bg7 8. Bc4
O-O 9. O-O c5 10. d5 Bg4 11. Bf4 Nd7 12. Qe2 Nb6 13. Rad1 Qc8 14. h3 Bf5 15. Nh4
Bxh3 16. gxh3 Qxh3 17. Ng2 Nxc4 18. Qxc4 b6 19. d6 exd6 20. exd6 Bd4+ 21. Rxd4 cxd4
22. Qxd4 Qe6 23. Bh6 f6 24. Bxf8 Kxf8 25. Rxf6+  1-0

[Event "1. OEsterreichische Internet Schach Meisterschaft - Vorrunde 2"]
[Site "Online - Playchess.com"]
[Date ""]
[Round "3"]
[Board "62"]
[White "Ressmann, Walter"]
[Black "Gallob, Marko"]
[Result "1-0"]
[WhiteElo "1868"]
[BlackElo "1961"]
[PlyCount "67"]
[EventDate "2020.04.13"]
[EventRounds "9"]
[EventCountry "AUT"]

1. d4 f5 2. Nf3 Nf6 3. Bf4 g6 4. e3 Bg7 5. Nbd2 d6 6. c3 O-O 7. Bd3 Nbd7 8. Qc2 c6
9. h3 b5 10. Ng5 Nb6 11. Ngf3 Bb7 12. O-O Nbd5 13. Bh2 Rc8 14. a4 b4 15. c4 Nc7 16.
b3 a5 17. Rae1 Ne6 18. Kh1 Nh5 19. Be2 f4 20. Ng1 Ng3+ 21. fxg3 fxe3 22. Ndf3 Nxd4
23. Nxd4 Bxd4 24. Nf3 c5 25. Bg1 Bc3 26. Rd1 Bxf3 27. Rxf3 Bd4 28. Qd3 e5 29. Bxe3
Qe7 30. Qe4 Qd7 31. Rdf1 Qe7 32. Bh6 Rfd8 33. Qd5+ Kh8 34. Rf7  1-0

[Event "1. OEsterreichische Internet Schach Meisterschaft - Vorrunde 2"]
[Site "Online - Playchess.com"]
[Date ""]
[Round "3"]
[Board "63"]
[White "Prinz, Hubert"]
[Black "Krassnitzer, Julia"]
[Result "1-0"]
[WhiteElo "1956"]
[BlackElo "1803"]
[PlyCount "73"]
[EventDate "2020.04.13"]
[EventRounds "9"]
[EventCountry "AUT"]

1. d4 Nf6 2. Nf3 g6 3. e3 d6 4. Bd3 Bg7 5. O-O Nbd7 6. Nbd2 e5 7. c3 O-O 8. e4 Re8
9. Re1 c6 10. b3 Nh5 11. Nf1 Nf4 12. Bxf4 exf4 13. Qc2 Nf8 14. h3 Ne6 15. Rad1 Ng5
16. N1h2 Nxf3+ 17. Nxf3 Rf8 18. e5 dxe5 19. dxe5 Qc7 20. a4 Be6 21. Ng5 Bxe5 22.
Nxe6 fxe6 23. Bxg6 f3 24. Bxh7+ Kh8 25. Be4 Bh2+ 26. Kh1 fxg2+ 27. Bxg2 Rf5 28. Rxe6
Raf8 29. Re2 Qf4 30. Rd4 Qc7 31. Rh4+ Kg7 32. Rg4+ Kh6 33. Qd2+ Kh5 34. Re6 Bf4 35.
Qe2 Qd8 36. Rxf4+ Kg5 37. Qg4#  1-0

[Event "1. OEsterreichische Internet Schach Meisterschaft - Vorrunde 2"]
[Site "Online - Playchess.com"]
[Date ""]
[Round "3"]
[Board "64"]
[White "Hochwarter, Martin"]
[Black "Schroettner, Tobias Julian"]
[Result "1-0"]
[WhiteElo "1932"]
[BlackElo "1503"]
[PlyCount "45"]
[EventDate "2020.04.13"]
[EventRounds "9"]
[EventCountry "AUT"]

1. d4 Nf6 2. c4 g6 3. Nc3 Bg7 4. e4 d6 5. f3 Nc6 6. Be3 e5 7. d5 Ne7 8. Nge2 Bd7
9. g4 h6 10. Qd2 Qb8 11. Ng3 c5 12. dxc6 bxc6 13. O-O-O d5 14. cxd5 cxd5 15. exd5
Nfxd5 16. Nxd5 Nxd5 17. Qxd5 Qc7+ 18. Kb1 Rb8 19. b3 a5 20. Ne4 Be6 21. Qd6 Qc8 22.
Bc5 Bf8 23. Nf6#  1-0

[Event "1. OEsterreichische Internet Schach Meisterschaft - Vorrunde 2"]
[Site "Online - Playchess.com"]
[Date ""]
[Round "3"]
[Board "65"]
[White "Gartmayer, Stefan"]
[Black "Kwech, Gregor"]
[Result "1-0"]
[WhiteElo "1914"]
[BlackElo "1064"]
[PlyCount "93"]
[EventDate "2020.04.13"]
[EventRounds "9"]
[EventCountry "AUT"]

1. d4 d5 2. Nf3 Nf6 3. c4 c6 4. Nc3 dxc4 5. a4 Bf5 6. Bg5 e6 7. e4 Bg6 8. e5 Be7
9. exf6 Bxf6 10. Bxf6 Qxf6 11. Bxc4 O-O 12. O-O Nd7 13. a5 b6 14. axb6 Nxb6 15. Ba6
Rad8 16. Ne5 c5 17. Ng4 Qxd4 18. Qxd4 Rxd4 19. Ne5 Bf5 20. h3 Rdd8 21. Bb5 Nd5 22.
Nxd5 exd5 23. Rxa7 c4 24. Nc6 Ra8 25. Rxa8 Rxa8 26. Ne7+ Kf8 27. Nxf5 Ra5 28. Nd4
Ke7 29. Nc6+ Kd6 30. Nxa5 Kc5 31. Be8 Kb6 32. b4 c3 33. Nb3 f6 34. Rc1 d4 35. Nxd4
g6 36. Rxc3 h6 37. Rc6+ Kb7 38. Rxf6 h5 39. Bxg6 Kc7 40. Bxh5 Kd7 41. b5 Ke7 42.
Rc6 Kd7 43. b6 Kd8 44. b7 Kd7 45. b8=Q Ke7 46. Qb7+ Kf8 47. Rc8#  1-0

[Event "1. OEsterreichische Internet Schach Meisterschaft - Vorrunde 2"]
[Site "Online - Playchess.com"]
[Date ""]
[Round "3"]
[Board "66"]
[White "Redhammer, Markus"]
[Black "Dreher, David"]
[Result "1/2-1/2"]
[WhiteElo "1899"]
[BlackElo "1888"]
[PlyCount "99"]
[EventDate "2020.04.13"]
[EventRounds "9"]
[EventCountry "AUT"]

1. e4 e5 2. d4 exd4 3. Qxd4 Nc6 4. Qe3 Nf6 5. Nc3 Bb4 6. Bd2 Qe7 7. f3 d6 8. Bc4
Be6 9. Bxe6 fxe6 10. O-O-O O-O-O 11. Nge2 Kb8 12. a3 Bxc3 13. Qxc3 e5 14. Be3 Nd7
15. Kb1 Rhf8 16. Nc1 h6 17. Nb3 Nb6 18. Na5 Nxa5 19. Qxa5 Qd7 20. Rd3 g5 21. h3 Rg8
22. Rhd1 h5 23. Qb4 g4 24. hxg4 hxg4 25. a4 Qxa4 26. Qd2 Nc4 27. Qc3 Nxe3 28. Rxe3
gxf3 29. gxf3 Rg2 30. b3 Qc6 31. Qxc6 bxc6 32. Kb2 c5 33. Ra1 Kb7 34. Ra4 Rh8 35.
b4 cxb4 36. Rxb4+ Kc8 37. Reb3 Kd7 38. Rb7 Rc8 39. Rxa7 Rf2 40. Rc3 Rb8+ 41. Ka2
Rc8 42. Ka3 Rf1 43. Kb2 Rf2 44. Kc1 Rf1+ 45. Kd2 Rf2+ 46. Ke1 Rh2 47. Kf1 Rd2 48.
Ke1 Rh2 49. Kd1 Rg2 50. Kc1  1/2-1/2

[Event "1. OEsterreichische Internet Schach Meisterschaft - Vorrunde 2"]
[Site "Online - Playchess.com"]
[Date ""]
[Round "3"]
[Board "67"]
[White "Borrmann, Laurenz"]
[Black "Kipman, Felix"]
[Result "1-0"]
[WhiteElo "1880"]
[BlackElo "1576"]
[PlyCount "33"]
[EventDate "2020.04.13"]
[EventRounds "9"]
[EventCountry "AUT"]

1. e4 c6 2. d4 d5 3. Nc3 dxe4 4. Nxe4 Bf5 5. Ng3 Bg6 6. Nf3 e6 7. h4 h6 8. Ne5 Bh7
9. c3 Bd6 10. Bf4 Qf6 11. Nh5 Bxe5 12. Bxe5 Qg6 13. Nxg7+ Kd7 14. h5 Qe4+ 15. Be2
f6 16. Bg3 Qxg2 17. Bf3  1-0

[Event "1. OEsterreichische Internet Schach Meisterschaft - Vorrunde 2"]
[Site "Online - Playchess.com"]
[Date ""]
[Round "3"]
[Board "68"]
[White "Hofstadler, Mario"]
[Black "Schein, Alexander"]
[Result "1-0"]
[WhiteElo "1867"]
[BlackElo "1631"]
[PlyCount "89"]
[EventDate "2020.04.13"]
[EventRounds "9"]
[EventCountry "AUT"]

1. d4 d5 2. Bg5 Nf6 3. e3 b6 4. Bxf6 exf6 5. Nf3 Nd7 6. c4 Bb7 7. Nc3 Bb4 8. Be2
O-O 9. O-O c5 10. Nxd5 Bxd5 11. cxd5 cxd4 12. Nxd4 Ne5 13. Nc6 Qd6 14. Nxe5 Qxe5
15. Qb3 Bc5 16. Bf3 Rfd8 17. Rac1 Rd6 18. a3 f5 19. Qc3 f6 20. Qxe5 fxe5 21. b4 e4
22. bxc5 bxc5 23. Be2 Rad8 24. Bc4 Kf8 25. Rb1 Ke7 26. Rb7+ R8d7 27. Rfb1 Rxb7 28.
Rxb7+ Rd7 29. Rxd7+ Kxd7 30. Kf1 Kd6 31. Ke2 g5 32. f3 h5 33. fxe4 fxe4 34. h4 g4
35. Kf2 Ke5 36. Kg3 a6 37. Kf2 Kd6 38. Ke2 Ke5 39. Kd2 Kd6 40. Kc3 a5 41. Kb3 Ke5
42. g3 Kd6 43. Ka4 Kc7 44. Kxa5 Kd6 45. Kb5  1-0

[Event "1. OEsterreichische Internet Schach Meisterschaft - Vorrunde 2"]
[Site "Online - Playchess.com"]
[Date ""]
[Round "3"]
[Board "69"]
[White "Weichhart, Daniel"]
[Black "Erlacher, Herbert"]
[Result "1-0"]
[WhiteElo "1648"]
[BlackElo "1842"]
[PlyCount "103"]
[EventDate "2020.04.13"]
[EventRounds "9"]
[EventCountry "AUT"]

1. e4 c6 2. d4 d5 3. e5 Bf5 4. Nf3 e6 5. Bd3 Bg4 6. h3 Bh5 7. Bf4 Nd7 8. Nbd2 c5
9. c3 cxd4 10. cxd4 Rc8 11. g4 Bg6 12. Bxg6 hxg6 13. Rc1 Bb4 14. a3 Ba5 15. b4 Bb6
16. Nb3 Ne7 17. Rxc8 Qxc8 18. Qc1 Qxc1+ 19. Bxc1 Nc6 20. Ke2 f6 21. exf6 gxf6 22.
Nc5 Bxc5 23. dxc5 a6 24. Bb2 Kf7 25. g5 Rh5 26. gxf6 Nxf6 27. Ke3 Ne4 28. Rh2 e5
29. Ba1 Nf6 30. h4 d4+ 31. Ke2 Nd5 32. Ng5+ Ke7 33. Ne4 Ke6 34. Rg2 Nf4+ 35. Kf3
Nxg2 36. Kxg2 Kd5 37. Nf6+ Kc4 38. Nxh5 gxh5 39. Kf3 Kd3 40. Bb2 e4+ 41. Kf4 e3 42.
Bxd4 Nxd4 43. fxe3 Nc2 44. e4 Nd4 45. e5 Kc4 46. Kg5 Nf3+ 47. Kf6 Nxh4 48. e6 Ng6
49. Kxg6 h4 50. e7 h3 51. e8=Q h2 52. Qe2+  1-0

[Event "1. OEsterreichische Internet Schach Meisterschaft - Vorrunde 2"]
[Site "Online - Playchess.com"]
[Date ""]
[Round "3"]
[Board "70"]
[White "Riegler, Leonie"]
[Black "Rosol, Philip"]
[Result "0-1"]
[WhiteElo "1579"]
[BlackElo "1468"]
[PlyCount "116"]
[EventDate "2020.04.13"]
[EventRounds "9"]
[EventCountry "AUT"]

1. d4 Nf6 2. c4 g6 3. Nc3 Bg7 4. e4 d6 5. f4 O-O 6. Be2 Nbd7 7. Nf3 c6 8. O-O Qc7
9. e5 dxe5 10. fxe5 Ne8 11. Bg5 f6 12. Bf4 e6 13. exf6 Qxf4 14. fxg7 Nxg7 15. Ne5
Qe3+ 16. Kh1 Nxe5 17. dxe5 Qxe5 18. Rxf8+ Kxf8 19. Qf1+ Qf5 20. Bf3 Bd7 21. Rd1 Rd8
22. Qe2 Ke7 23. Bg4 Qf6 24. Rf1 Qg5 25. Qf3 Nf5 26. Ne4 Qe3 27. Qxe3 Nxe3 28. Bf3
Nxf1 29. Kg1 Ne3 30. Kf2 Nxc4 31. b3 Nd6 32. Nc5 b6 33. Nd3 c5 34. Ne5 Rf8 35. Ke2
Nf5 36. Be4 Nd4+ 37. Ke3 Rf1 38. Bf3 Re1+ 39. Kf4 g5+ 40. Kxg5 Rxe5+ 41. Kh6 Nxf3
42. gxf3 Rf5 43. Kxh7 Rxf3 44. h4 Rh3 45. h5 Rxh5+ 46. Kg6 Rd5 47. a3 e5 48. Kg5
Ke6 49. Kg6 e4 50. a4 Ke5 51. Kg5 e3 52. Kh4 e2 53. Kg5 e1=Q 54. Kg6 Qg3+ 55. Kf7
Be6+ 56. Ke8 Rd7 57. Kf8 Qg6 58. b4 Qf7#  0-1